| 000 | 00000nam 2200000zi 4500 |
| 001 | 9.938625 |
| 003 | CaOODSP |
| 005 | 20240619133234 |
| 006 | m o d f |
| 007 | cr ||||||||||| |
| 008 | 240524t20242024qucd o f000 0 eng d |
| 020 | |a9780660720814 |
| 040 | |aCaOODSP|beng|erda|cCaOODSP |
| 043 | |an-cn--- |
| 086 | 1 |aCH24-50/2024E-PDF |
| 245 | 00|a2023 status of the high-performance athlete : |bfinal report / |cprepared for Sport Canada, Department of Canadian Heritage. |
| 264 | 1|a[Gatineau, QC] : |bCanadian Heritage = Patrimoine canadien, |c2024. |
| 264 | 4|c©2024 |
| 300 | |a1 online resource (119 pages) : |bcolour charts + |esummary (6 pages) |
| 336 | |atext|btxt|2rdacontent |
| 337 | |acomputer|bc|2rdamedia |
| 338 | |aonline resource|bcr|2rdacarrier |
| 500 | |aIssued also in French under title: La situation de l'athlète de haut niveau en 2023 : rapport final. |
| 500 | |a"Supplier: Ekos Research Associates Inc." |
| 500 | |a"Contract Number: CW2268682." |
| 500 | |a"Delivery Date: April 19, 2024." |
| 500 | |a"Registration Number: POR 108-22." |
| 610 | 20|aAthlete Assistance Program (Canada)|xPublic opinion. |
| 650 | 0|aAthletes|xServices for|zCanada|xPublic opinion. |
| 650 | 0|aAthletes|zCanada|xFinance, Personal. |
| 650 | 0|aFederal aid to sports|zCanada|xPublic opinion. |
| 650 | 0|aPublic opinion|zCanada. |
| 650 | 0|aAthletes|zCanada|xAttitudes. |
| 650 | 0|aCoaches (Athletics)|zCanada|xAttitudes. |
| 710 | 1 |aCanada. |bCanadian Heritage, |eissuing body. |
| 710 | 2 |aSport Canada, |eissuing body. |
| 710 | 2 |aEkos Research Associates, |econsultant. |
| 775 | 08|tLa situation de l'athlète de haut niveau en 2023 : |w(CaOODSP)9.938626 |
| 795 | |t2019-20 status of the high performance athlete : |w(CaOODSP)9.888785 |
| 856 | 40|qPDF|s1.49 MB|uhttps://publications.gc.ca/collections/collection_2024/pch/CH24-50-2024-eng.pdf|zFinal report |
| 856 | 40|qPDF|s326 KB|uhttps://publications.gc.ca/collections/collection_2024/pch/CH24-50-2024-1-eng.pdf|zSummary |
| 856 | 4 |qHTML|sN/A|uhttps://epe.bac-lac.gc.ca/100/200/301/pwgsc-tpsgc/por-ef/canadian_heritage/2024/108-22-e/POR108-22-report.html|zFinal report |
| 856 | 4 |qHTML|sN/A|uhttps://epe.bac-lac.gc.ca/100/200/301/pwgsc-tpsgc/por-ef/canadian_heritage/2024/108-22-e/summary/POR108-22-summary.html|zSummary |